Statistieken voor Costa Rica Trivia Quiz

Klik hier om de quiz te nemen!

Algemene statistieken

  • Deze quiz is 252 keer genomen
  • De gemiddelde score is 9 van 16

Antwoordstatistieken

HintAntwoord% Correct
Officiële taalSpaans
99%
Aangrenzende landenPanama
98%
Aangrenzende landenNicaragua
94%
Zee aan de oostgrensCaribische zee
83%
HoofdstadSan José
83%
Het enige Amerikaanse land met een hogere levensverwachtingCanada
79%
Betekenis van de naam van Costa Rica in die taalRijke kust
77%
Wat Costa Rica van plan was te worden in 2021{Klimaat}neutraal
56%
Costa Rica heeft in 1948 zijn ______ afgeschaftLeger
56%
Noem één van de vier soorten apen die in Costa Rica levenSpin | Brul | Kapucijn | Doodshoofd
51%
Bijnaam voor de soort basilisk die op water kan lopen{Jezus} {Christus}hagedis
36%
ValutaColón
33%
Meest actieve vulkaan van Costa RicaArenal
29%
Gerecht bestaande uit rijst en bonen geserveerd als ontbijtGallo {Pinto}
26%
Eiland in de Stille Oceaan wat ook wel het meest zuidelijke punt van Noord-Amerika wordt genoemd{Cocos}eiland
25%
Rivier die een groot deel van de noordgrens vormtSan Juan
23%

Scoreverdeling

Percentiel versus Aantal Correcte Antwoorden

Procent van Mensen met Elke Score

Uw Scoregeschiedenis

U heeft deze quiz nog niet genomen